Capitals Closest to Each European Capital - Statistics

General Stats
  • This quiz has been taken 335 times
  • The average score is 32 of 47
Answer Stats
capital closest capital % Correct
Amsterdam Brussels
100%
Andorra la Vella Madrid
98%
Brussels Amsterdam
89%
Dublin London
89%
Lisbon Madrid
87%
Madrid Andorra la Vella
85%
Luxembourg Brussels
84%
Copenhagen Berlin
83%
London Brussels
82%
Athens Skopje
82%
Helsinki Tallinn
82%
Oslo Stockholm
81%
Paris Brussels
80%
Bern Vaduz
79%
Rome Vatican City
78%
San Marino Vatican City
78%
Monaco Bern
77%
Berlin Prague
77%
Ljubljana Zagreb
77%
Moscow Minsk
76%
Belgrade Sarajevo
76%
Bucharest Sofia
76%
Bratislava Vienna
76%
Minsk Vilnius
76%
Chişinău Bucharest
75%
Reykjavik Tórshavn
75%
Riga Tallinn
72%
Budapest Bratislava
69%
Kiev Chişinău
68%
Prague Vienna
68%
Nuuk Reykjavik
67%
Podgorica Tirana
65%
Pristina Skopje
61%
Tallinn Helsinki
57%
Sarajevo Podgorica
55%
Vatican City Rome
55%
Skopje Pristina
52%
Vaduz Bern
51%
Tirana Podgorica
47%
Sofia Skopje
45%
Vienna Bratislava
43%
Stockholm Tallinn
42%
Vilnius Minsk
39%
Zagreb Ljubljana
36%
Tórshavn Reykjavík
36%
Warsaw Vilnius
32%
Valletta Tripoli
18%
No matching quizzes found
Score Distribution
Percent of People with Each Score
Percentile by Number Answered
Your Score History
You have not taken this quiz